01536 2200409 4500001002100000005001500021035002000036007000300056008004100059020002200100082001400122084001600136100003000152245028900182250002600471300002500497650003300522700002900555700004200584700004300626700004200669700005700711700002400768700003900792700003100831700002200862710003800884264003000922336002100952337003000973338002301003040002201026090002201048850001201070999002201082990002201104INLIS00000000088101320230816125513 a0010-0823000503ta230816s2023 yoi g ind d a978-979-21-7580-604223a248.4 a248.4 SUG s1 aSugiyana, F.X.ePengarang10aSinergi energi sinodalitas Gereja /cF.X. Sugiyana, Petrus Sunu Hardiyanta, Melkyor Pando, Ambrosius Heri Krismawanto, Veronica Maria Murwaningsih, Heribertus Budi Purwantoro, Benediktus Benteng Kurniadi Singarimbun, Yustiana, Antonius Budi Wihandono; penyunting, F.X. Sugiyana, Retno aCetakan Pertama, 2023 a227 halaman ;c21 cm 4aKehidupan beragama (Kristen)0 aMelkyor PandoePengarang0 aAmbrosius Heri KrismawantoePengarang0 aVeronica Maria MurwaningsihePengarang0 aHeribertus Budi PurwantoroePengarang3 aSingarimbun, Benediktus Benteng KurniadiePengarang0 aYustianaePengarang0 aAntonius Budi WihandonoePengarang1 aSugiyana, F.X.ePenyunting0 aRetnoePenyunting0 aPetrus Sunu HardiyantaePengarang31aSleman :bKanisius,c2023 2rdacontentateks 2rdamediaatanpa perantara 2rdacarrieravolume aYOPDYOGbinderda aCB-D.11 2023-1742 aYOPDYOG aCB-D.11/2023-1742 aCB-D.11/2023-1742